মনসা-মঙ্গল / (Record no. 48486)
[ view plain ]
| 000 -LEADER | |
|---|---|
| fixed length control field | 01016nam a2200265 a 4500 |
| 001 - CONTROL NUMBER | |
| control field | 48486 |
| 003 - CONTROL NUMBER IDENTIFIER | |
| rucl marc code | BD-RjUL |
| 005 - DATE AND TIME OF LATEST TRANSACTION | |
| control field | 20211209054531.0 |
| 008 - FIXED-LENGTH DATA ELEMENTS--GENERAL INFORMATION | |
| fixed length control field | 161116s1949 ii ||||| |||| 00| 0 ben d |
| 020 ## - INTERNATIONAL STANDARD BOOK NUMBER | |
| Terms of availability | :TK. 12.75 |
| 035 ## - SYSTEM CONTROL NUMBER | |
| System control number | (BD-RjUL)48605 |
| 040 ## - CATALOGING SOURCE | |
| Original cataloging agency | BD-RjUL |
| Language of cataloging | ben |
| Transcribing agency | BD-RjUL |
| 041 ## - LANGUAGE CODE | |
| Language code of text/sound track or separate title | ben |
| 082 ## - DEWEY DECIMAL CLASSIFICATION NUMBER | |
| Edition number | 23 |
| Classification number | 891.21 |
| Author mark and year | KHM 1949 |
| 100 1# - MAIN ENTRY--PERSONAL NAME | |
| Personal name | ক্ষেপানন্দ, কেতকাদাস |
| 9 (RLIN) | 146439 |
| 245 10 - TITLE STATEMENT | |
| Title | মনসা-মঙ্গল / |
| Statement of responsibility, etc. | কেতকাদাস ক্ষেপানন্দ |
| 250 ## - EDITION STATEMENT | |
| Edition statement | ২য় সং . |
| 260 ## - PUBLICATION, DISTRIBUTION, ETC. (IMPRINT) | |
| Place of publication, distribution, etc. | কলিকাতা : |
| Name of publisher, distributor, etc. | কলিকাতা বিশ্ববিদ্যালয়, |
| Date of publication, distribution, etc. | ১৯৪৯ |
| 300 ## - PHYSICAL DESCRIPTION | |
| Pagination | খণ্ড ; |
| Size | ২১ সেমি. |
| 505 ## - FORMATTED CONTENTS NOTE | |
| Formatted contents note | খণ্ড ১ -- |
| 650 ## - SUBJECT ADDED ENTRY--TOPICAL TERM | |
| Topical term or geographic name as entry element | সংস্কৃত কবিতা |
| 9 (RLIN) | 146440 |
| Topical term or geographic name as entry element | Sanskrit Poetry |
| 9 (RLIN) | 146441 |
| 700 ## - ADDED ENTRY--PERSONAL NAME | |
| Personal name | ভট্রাচার্য, যতীন্দ্রমোহন, সম্পাদক |
| 942 ## - ADDED ENTRY ELEMENTS (KOHA) | |
| Source of classification or shelving scheme | Dewey Decimal Classification |
| Koha item type | Books |
| Lost status | Source of classification or shelving scheme | Damaged status | Not for loan | Collection code | Permanent Location | Current Location | Shelving location | Date acquired | Source of acquisition | Cost, normal purchase price | Total Checkouts | Full call number | Date last seen | Copy number | Koha item type |
|---|---|---|---|---|---|---|---|---|---|---|---|---|---|---|---|
| Dewey Decimal Classification | Non-fiction | Central Library, University of Rajshahi | Central Library, University of Rajshahi | 20/11/1962 | Kamala book. | 12.00 | B 891.21 KHM V-1 1949 | 16/11/2016 | C-2 | Books | |||||
| Dewey Decimal Classification | Non-fiction | Central Library, University of Rajshahi | Central Library, University of Rajshahi | 20/11/1962 | Komola Book | 12.00 | B 891.21 KHM V-1 1949 | 20/11/2016 | C-3 | Books | |||||
| Dewey Decimal Classification | Non-fiction | Central Library, University of Rajshahi | Central Library, University of Rajshahi | 04/06/1958 | Komola Book | 12.50 | B 891.21 KHM V-1 1949 | 27/11/2016 | C-4 | Books |